000 00287nam a2200133 i 4500
001 bg
245 0 _aBauen mit Aluminium.
260 _aDüsseldorf,
_c1971.
040 _cBPK
041 _apol
080 _a624.014.7:691.7
942 _cKS
008 s pl f |000 0 pol
999 _c14224
_d14224
856 _uhttp://koha.tu.koszalin.pl/cgi-bin/koha/opac-detail.pl?biblionumber=14224
_yKatalog online BPK